[Event "TICF"]
[Site "FAMALICAO"]
[Date "2023.07.29"]
[Round "6.13"]
[White "AFONSO, Joao Pedro"]
[Black "DUQUE, Raquel"]
[Result "1/2-1/2"]
[BlackElo "1688"]
[WhiteElo "1880"]
[LiveChessVersion "1.4.8"]

1. e4 {[%clk 1:30:52]} e5 {[%clk 1:30:49]} 2. Nf3 {[%clk 1:31:15]} Nf6
{[%clk 1:31:13]} 3. Nxe5 {[%clk 1:31:10]} d6 {[%clk 1:31:32]} 4. Nf3
{[%clk 1:31:37]} Nxe4 {[%clk 1:31:54]} 5. d4 {[%clk 1:31:48]} d5 {[%clk 1:32:12]}
6. Bd3 {[%clk 1:32:14]} Bd6 {[%clk 1:32:02]} 7. O-O {[%clk 1:32:37]} O-O
{[%clk 1:32:24]} 8. c4 {[%clk 1:32:32]} c6 {[%clk 1:32:37]} 9. Qb3
{[%clk 1:28:58]} Na6 {[%clk 1:22:40]} 10. cxd5 {[%clk 1:22:18]} cxd5
{[%clk 1:23:00]} 11. Nc3 {[%clk 1:19:33]} Be6 {[%clk 1:18:40]} 12. a3
{[%clk 1:12:00]} Nc7 {[%clk 1:05:01]} 13. Re1 {[%clk 0:47:07]} Re8
{[%clk 0:57:39]} 14. Be3 {[%clk 0:40:12]} f5 {[%clk 0:50:47]} 15. Nb5
{[%clk 0:37:55]} Nxb5 {[%clk 0:48:23]} 16. Bxb5 {[%clk 0:37:30]} Rf8
{[%clk 0:47:40]} 17. Bd3 {[%clk 0:36:19]} Qe7 {[%clk 0:42:59]} 18. Qd1
{[%clk 0:28:58]} h6 {[%clk 0:37:21]} 19. Ne5 {[%clk 0:26:25]} Bxe5
{[%clk 0:25:31]} 20. dxe5 {[%clk 0:26:45]} f4 {[%clk 0:25:56]} 21. Bd4
{[%clk 0:26:24]} f3 {[%clk 0:24:39]} 22. g3 {[%clk 0:16:37]} Ng5 {[%clk 0:23:21]}
23. Qd2 {[%clk 0:15:30]} Nh3+ {[%clk 0:21:56]} 24. Kh1 {[%clk 0:15:37]} h5
{[%clk 0:22:03]} 25. Rac1 {[%clk 0:12:32]} b6 {[%clk 0:21:44]} 26. Bf1
{[%clk 0:10:46]} h4 {[%clk 0:21:29]} 27. Bxh3 {[%clk 0:11:03]} Bxh3
{[%clk 0:21:47]} 28. Kg1 {[%clk 0:11:24]} hxg3 {[%clk 0:21:55]} 29. fxg3
{[%clk 0:11:24]} Rf7 {[%clk 0:20:05]} 30. Bf2 {[%clk 0:09:19]} Qe6
{[%clk 0:18:09]} 31. Qc3 {[%clk 0:08:46]} Rc8 {[%clk 0:17:14]} 32. Qxc8+
{[%clk 0:08:48]} Qxc8 {[%clk 0:17:37]} 33. Rxc8+ {[%clk 0:09:10]} Bxc8
{[%clk 0:18:02]} 34. Rc1 {[%clk 0:09:12]} Ba6 {[%clk 0:16:26]} 35. Bd4
{[%clk 0:09:31]} Bd3 {[%clk 0:15:41]} 36. Kf2 {[%clk 0:09:51]} Bc4
{[%clk 0:14:18]} 37. Rc3 {[%clk 0:10:03]} Rf8 {[%clk 0:12:42]} 38. b3
{[%clk 0:09:52]} Be2 {[%clk 0:12:37]} 39. e6 {[%clk 0:09:15]} Re8
{[%clk 0:12:18]} 40. Rc7 {[%clk 0:08:36]} Rxe6 {[%clk 0:12:37]} 41. Rxg7+
{[%clk 0:08:59]} Kf8 {[%clk 0:13:01]} 42. Rxa7 {[%clk 0:08:20]} Bd1
{[%clk 0:13:15]} 43. Be3 {[%clk 0:04:16]} Rc6 {[%clk 0:12:06]} 44. Ra8+
{[%clk 0:03:35]} Kf7 {[%clk 0:12:05]} 45. Ra7+ {[%clk 0:02:58]} Kf8
{[%clk 0:12:25]} 46. Ra8+ {[%clk 0:02:31]} Kf7 {[%clk 0:12:47]} 47. Ra7+
{[%clk 0:02:18]} 1/2-1/2

[Event "TICF"]
[Site "FAMALICAO"]
[Date "2023.07.29"]
[Round "6.14"]
[White "AVELINO, Camila"]
[Black "RIBEIRO, Gustavo"]
[Result "1/2-1/2"]
[BlackElo "1876"]
[WhiteElo "1763"]
[LiveChessVersion "1.4.8"]

1. e4 {[%clk 1:30:51]} c5 {[%clk 1:30:56]} 2. Nf3 {[%clk 1:30:58]} d6
{[%clk 1:31:22]} 3. d4 {[%clk 1:31:07]} cxd4 {[%clk 1:31:47]} 4. Nxd4
{[%clk 1:31:10]} Nf6 {[%clk 1:32:11]} 5. Nc3 {[%clk 1:31:10]} a6 {[%clk 1:32:36]}
6. Bc4 {[%clk 1:29:00]} b5 {[%clk 1:32:54]} 7. Bb3 {[%clk 1:29:10]} e6
{[%clk 1:33:16]} 8. O-O {[%clk 1:26:55]} Bb7 {[%clk 1:33:29]} 9. f4
{[%clk 1:12:28]} Nbd7 {[%clk 1:33:02]} 10. f5 {[%clk 0:47:54]} e5
{[%clk 1:33:18]} 11. Nf3 {[%clk 0:44:57]} b4 {[%clk 1:23:58]} 12. Nd5
{[%clk 0:42:16]} Nxd5 13. Bxd5 {[%clk 0:42:23]} Qb6+ {[%clk 1:23:34]} 14. Kh1
{[%clk 0:42:38]} Nf6 {[%clk 1:23:55]} 15. Bb3 {[%clk 0:37:20]} Nxe4
{[%clk 1:18:36]} 16. Qe2 {[%clk 0:34:35]} Be7 {[%clk 1:16:55]} 17. Ba4+
{[%clk 0:32:14]} Kf8 {[%clk 1:17:15]} 18. Be3 {[%clk 0:31:36]} Qc7
{[%clk 1:17:02]} 19. Nd2 {[%clk 0:29:46]} Nxd2 {[%clk 1:13:35]} 20. Qxd2
{[%clk 0:29:38]} d5 {[%clk 1:09:16]} 21. f6 {[%clk 0:25:26]} Bxf6
{[%clk 1:09:15]} 22. Rxf6 {[%clk 0:25:01]} gxf6 {[%clk 1:09:34]} 23. Qxb4+
{[%clk 0:25:26]} Kg7 {[%clk 1:09:58]} 24. Qg4+ {[%clk 0:16:45]} Kf8
{[%clk 1:10:19]} 25. Qb4+ {[%clk 0:05:08]} Kg7 {[%clk 1:10:46]} 26. Qg4+
{[%clk 0:05:06]} Kf8 {[%clk 1:11:10]} 1/2-1/2